Statystyki dla Najbardziej Szkodliwe Substancje Dla Psów

Kliknij tutaj aby rozwiązać quiz!

Ogólne statystyki

  • Ten quiz został rozwiązany 10 razy
  • Średni wynik to 2 z 6

Statystyki odpowiedzi

Substancja/Jedzenie% Poprawnych
Czekolada
89%
Cebula
22%
Orzech
22%
Winogrona
22%
Czosnek
11%
Rodzynki
0%

Rozkład punktacji

Percentyl według liczby udzielonych odpowiedzi

Procent ludzi z każdym wynikiem

Twoja historia wyników

Nie rozwiązałeś tego quizu